000 00584nam a2200217Ia 4500
003 GCL
008 140319s9999 xx 000 0 ara d
040 _aGCL /
_cGCL
082 0 4 _a956.52
_bى ح
100 1 _aيوسف سامى اليوسف
245 1 0 _aحطين /
_cيوسف سامى اليوسف
260 _a[S.N] :
_bدار الاسوار ،
_c1989
300 _a126 ص
490 _a
650 0 4 _aتاريخ
650 0 4 _aالحروب الصليبية
650 0 4 _aسوريا
650 0 4 _aالتاريخ الاسلامى
650 0 4 _aحطين
942 _2ddc
_cBK
999 _c35740
_d35740